00612nam a2200181Ia 4500952013500000999001100135003000400146005001700150008004100167040000900208082001800217100003600235245005400271260004300325300000900368650001100377942004200388 00102ddc40708QUR'ANaMESbMEScARBd2019-02-20l1o297.12 AZA/Tp1613r2022-11-01 00:00:00s2022-10-28w2019-02-20yREFzU14R2 c54d54OSt20201223100434.0190216s9999||||xx |||||||||||||| ||und|| coclc a297.12bAZA/T a Azad, Maulana Abul Kalam91842 4aThe Tarjuman Al-Qur`an /cMaulana Abul Kalam Azad bAsia Publishing House,c1967.aBombay: a508p aArabic cBK2ddch297.12iAZA/Tk297.12mAZA/T